000 00302nam a22001337a 4500
008 171013b xxu||||| |||| 00| 0 eng d
020 _a9780534355920
041 _aeng
080 _25TH
_a159.9
100 _a51
101 _aSOC
245 _aDEVELOPMENTAL PSYCHOLOGY
_cSHAFFER,D.R
942 _2udc
_cBK
999 _c33811
_d33811